000
nam a22 7a 4500
999
_c
54517
_d
54517
003
OSt
005
20220915143057.0
008
220801b xxu||||| |||| 00| 0 eng d
040
_c
iimt ninversity
100
_a
VEDVYAS
245
_a
SHRI BHAGWAT- SUDHA SAGAR
260
_a
GEETA PRESS
_b
GORAKHPUR
_c
2045
300
_a
1002
942
_2
ddc
_c
09